| 000 | 01061nam a2200289 a 4500 | ||
|---|---|---|---|
| 001 | 000005357 | ||
| 003 | DO-SdBNP | ||
| 005 | 20250320093855.0 | ||
| 008 | 090819s2003 sp 001 0 spa d | ||
| 020 | _a8400081331 | ||
| 040 |
_aDO-SdBNP _bspa _cBNPHU |
||
| 049 | _aBNPD | ||
| 082 |
_a946.057 _bA561 |
||
| 100 | 1 |
_aAndrés-Gallego, José, _d1944- _915199 |
|
| 245 | 1 | 3 |
_aEl motín de esquilache, América y Europa / _cJosé Andrés-Gallego. |
| 260 |
_aMadrid, España : _bFundación Mapfre Tavera ; _bConsejo Superior de Investigaciones Científica, _c2003. |
||
| 300 |
_a799 p. ; _c24 cm. |
||
| 490 | 1 |
_aBiblioteca de Historia ; _v53 |
|
| 500 | _aIncluye tabla de contenido | ||
| 500 | _aIncluye índice anomástico | ||
| 600 | 1 | 4 |
_aESQUILACHE, LEOPOLDO DE GREGORIO, _cMARQUÉS DE _d1700-1785 _915200 |
| 650 | 4 |
_aEspaña _xHistoria _y1759-1788 _915201 |
|
| 650 | 7 |
_aEspaña _xCondiciones sociales _y1759-1788 _915202 _2LEMB |
|
| 650 | 4 |
_aMovimientos sociales _zEspaña _y1759-1788 _915203 |
|
| 830 | 0 |
_aBiblioteca de Historia ; _n53 _915204 |
|
| 942 |
_2ddc _cLBS1 |
||
| 999 |
_c5158 _d5158 |
||